[Event "GER ML-384 email"]
[Site "GER email"]
[Date "2012.10.19"]
[Round "?"]
[White "Goldbecker, Kurt Juergen"]
[Black "Jacobsen, Joerg"]
[Result "1-0"]
[WhiteElo "1987"]
[BlackElo "1926"]
[PlyCount "80"]
[EventDate "2012.??.??"]
[EventType "tourn (corr)"]
[EventRounds "6"]
[EventCountry "GER"]
[SourceTitle "Corr 2015"]
[Source "ChessBase"]
[SourceDate "2015.07.17"]
[SourceVersion "1"]
[SourceVersionDate "2015.07.17"]
[SourceQuality "1"]

1. e4 e6 2. d4 d5 3. Nc3 Nf6 4. Bg5 Be7 5. e5 Nfd7 6. h4 Bxg5 7. hxg5 Qxg5 8. Nh3 Qe7 9. Qg4 Kf8 10. Qg3 c6 11. 0-0-0 h6 12. Nf4 b5 13. Rh3 b4 14. Na4 Ba6 15. Kb1 Bxf1 16. Rxf1 Na6 17. Rfh1 c5 18. Qf3 Kg8 19. Qe2 Nc7 20. dxc5 Nxc5 21. Nxc5 Qxc5 22. Nd3 Qc4 23. Rh4 d4 24. g4 Nd5 25. g5 Rb8 26. Qd1 g6 27. gxh6 Kh7 28. Nc1 Qc7 29. Nb3 Qxe5 30. Nxd4 Rbc8 31. Qd3 Rhd8 32. Nf3 Qf6 33. Qe4 a5 34. Rg1 Rc5 35. Ng5+ Kh8 36. Rhg4 Rd7 37. Nxe6 Qxe6 38. Qd4+ f6 39. Qxc5 Ne7 40. Rd4 Rxd4 1-0

[Event "GER T156-A23-S email"]
[Site "GER email"]
[Date "2012.10.14"]
[Round "?"]
[White "Nonnenmacher, Thomas"]
[Black "Jacobsen, Joerg"]
[Result "0-1"]
[WhiteElo "1655"]
[BlackElo "1926"]
[PlyCount "80"]
[EventDate "2012.10.18"]
[EventType "tourn (corr)"]
[EventRounds "6"]
[EventCountry "GER"]
[SourceTitle "Corr 2015"]
[Source "ChessBase"]
[SourceDate "2015.07.17"]
[SourceVersion "1"]
[SourceVersionDate "2015.07.17"]
[SourceQuality "1"]

1. c4 e5 2. Nc3 Nf6 3. g3 c6 4. d4 exd4 5. Qxd4 d5 6. Bg2 Be6 7. cxd5 cxd5 8. Nf3 Nc6 9. Qa4 Bc5 10. Ne5 0-0 11. Nd3 Be7 12. 0-0 d4 13. Ne4 Nxe4 14. Bxe4 Bd5 15. Bf5 g6 16. Bh3 a6 17. Bd2 Re8 18. Rac1 Bf6 19. Rfe1 Ne5 20. Qb4 a5 21. Qc5 Bc6 22. f4 b6 23. Qc2 Nxd3 24. exd3 Rxe1+ 25. Rxe1 Qd5 26. Re4 Kg7 27. Bg2 Rc8 28. Re2 Qh5 29. Re1 Bxg2 30. Qxc8 Bd5 31. Bc1 Qf3 32. Qh3 Bb7 33. f5 g5 34. a3 h5 35. Rf1 Qxd3 36. Rf2 Qc4 37. Bd2 d3 38. b4 axb4 39. axb4 g4 40. Qf1 Bd4 0-1

[Event "GER MS-163 email"]
[Site "GER email"]
[Date "2012.07.24"]
[Round "?"]
[White "Jacobsen, Joerg"]
[Black "Muller, Achim"]
[Result "1/2-1/2"]
[WhiteElo "1911"]
[BlackElo "2149"]
[PlyCount "65"]
[EventDate "2012.07.30"]
[EventType "tourn (corr)"]
[EventRounds "6"]
[EventCountry "GER"]
[SourceTitle "Corr 2015"]
[Source "ChessBase"]
[SourceDate "2015.07.17"]
[SourceVersion "1"]
[SourceVersionDate "2015.07.17"]
[SourceQuality "1"]

1. e4 e5 2. Nf3 Nc6 3. Bb5 Nf6 4. 0-0 Nxe4 5. d4 Nd6 6. Bxc6 dxc6 7. dxe5 Nf5 8. Qxd8+ Kxd8 9. Nc3 Ke8 10. Rd1 Ne7 11. h3 Ng6 12. Be3 Be7 13. a4 a5 14. Rd2 f6 15. exf6 gxf6 16. Re1 Kf7 17. Ne4 Rg8 18. Kh2 Be6 19. Bc5 Rae8 20. Bxe7 Rxe7 21. Ng3 c5 22. Nh5 Bf5 23. Rxe7+ Nxe7 24. g4 Be4 25. Kg3 Bc6 26. b3 b6 27. Nh4 c4 28. Rd4 cxb3 29. cxb3 Rg5 30. Rf4 Nd5 31. Rc4 Bd7 32. Nf3 Rg8 33. Nd2 1/2-1/2

[Event "GER ML-384 email"]
[Site "GER email"]
[Date "2012.??.??"]
[Round "?"]
[White "Kuhn, Wilfried"]
[Black "Jacobsen, Joerg"]
[Result "1/2-1/2"]
[WhiteElo "2009"]
[BlackElo "1926"]
[PlyCount "80"]
[EventDate "2012.??.??"]
[EventType "tourn (corr)"]
[EventRounds "6"]
[EventCountry "GER"]
[SourceTitle "Corr 2015"]
[Source "ChessBase"]
[SourceDate "2015.07.17"]
[SourceVersion "1"]
[SourceVersionDate "2015.07.17"]
[SourceQuality "1"]

1. e4 e6 2. d4 d5 3. Nc3 Bb4 4. e5 Ne7 5. a3 Bxc3+ 6. bxc3 c5 7. Qg4 0-0 8. Bd3 c4 9. Bh6 Ng6 10. Bxg6 fxg6 11. Be3 Nc6 12. h4 Rf5 13. Ne2 Bd7 14. Kd2 Ne7 15. Ng3 h5 16. Qd1 Rf7 17. Ne2 Qa5 18. g3 Raf8 19. Nf4 Qa6 20. Qb1 b5 21. Nh3 Nf5 22. Ng5 Re7 23. Qb2 Bc6 24. Rhg1 Nh6 25. Rab1 Qa5 26. Qb4 Qc7 27. Qc5 Nf5 28. g4 hxg4 29. Rxg4 a5 30. a4 bxa4 31. Rb6 Rc8 32. Rg1 Ree8 33. Rgb1 Qd7 34. Qxa5 Nxh4 35. Ra6 Nf5 36. Ke2 Ra8 37. Rxa8 Bxa8 38. Bc1 Bc6 39. Rb6 Rc8 40. Ra6 Qe7 1/2-1/2

[Event "GER MS-100 email"]
[Site "GER email"]
[Date "2010.06.20"]
[Round "?"]
[White "Gross Winter, Guenter"]
[Black "Jacobsen, Joerg"]
[Result "1-0"]
[WhiteElo "2102"]
[BlackElo "1924"]
[PlyCount "89"]
[EventDate "2010.06.28"]
[EventType "tourn (corr)"]
[EventRounds "6"]
[EventCountry "GER"]
[SourceTitle "Corr 2013"]
[Source "ChessBase"]
[SourceDate "2012.11.12"]
[SourceVersion "1"]
[SourceVersionDate "2012.11.12"]
[SourceQuality "1"]

1. d4 d5 2. c4 e6 3. Nf3 Nf6 4. Nc3 Be7 5. Bf4 0-0 6. e3 c5 7. dxc5 Bxc5 8. a3 Nc6 9. Qc2 Re8 10. 0-0-0 e5 11. Bg5 d4 12. Nd5 Be7 13. Nxe7+ Qxe7 14. exd4 h6 15. Be3 exd4 16. Nxd4 Ng4 17. Nxc6 bxc6 18. Bf4 Qc5 19. Bg3 Bf5 20. Bd3 Be6 21. Rhe1 Rad8 22. Bh4 Ra8 23. b4 Qh5 24. Bg3 a5 25. h3 axb4 26. axb4 Nf6 27. Re5 Ra1+ 28. Kd2 Qxd1+ 29. Qxd1 Rxd1+ 30. Kxd1 Nd7 31. Re1 Ra8 32. Kc2 c5 33. b5 Ra7 34. Bd6 Ra2+ 35. Kb3 Ra7 36. f4 g6 37. g4 Ra5 38. f5 Rxb5+ 39. Kc3 Rb6 40. fxe6 Rxd6 41. exd7 Rxd7 42. Re8+ Kh7 43. Rc8 Kg7 44. Rxc5 Kf6 45. Rd5 1-0

[Event "GER Liga Q Server-06 email"]
[Site "GER email"]
[Date "2009.12.19"]
[Round "?"]
[White "Gottwald, Bernhard"]
[Black "Jacobsen, Joerg"]
[Result "0-1"]
[WhiteElo "1767"]
[BlackElo "1924"]
[PlyCount "60"]
[EventDate "2009.12.28"]
[EventType "tourn (corr)"]
[EventRounds "6"]
[EventCountry "GER"]
[SourceTitle "Corr 2013"]
[Source "ChessBase"]
[SourceDate "2012.11.12"]
[SourceVersion "1"]
[SourceVersionDate "2012.11.12"]
[SourceQuality "1"]

1. d4 d5 2. Nf3 Nf6 3. g3 e6 4. Bg2 Be7 5. 0-0 0-0 6. c4 dxc4 7. Ne5 Nc6 8. Nxc6 bxc6 9. Bxc6 Rb8 10. Nc3 Bb7 11. Bxb7 Rxb7 12. b3 cxb3 13. axb3 Qb8 14. Ba3 Bxa3 15. Rxa3 Rd8 16. Na4 e5 17. Nc5 Rxd4 18. Qa1 Rb5 19. Rc1 Qb6 20. Rxa7 Rd8 21. Ra8 Rxa8 22. Qxa8+ Qb8 23. Ra1 Qf8 24. Qxf8+ Kxf8 25. Ra8+ Ke7 26. Nd3 e4 27. Nf4 g5 28. Ng2 Rxb3 29. h4 Rb1+ 30. Kh2 Ng4+ 0-1

[Event "GER Liga Q Server-06 email"]
[Site "GER email"]
[Date "2009.12.19"]
[Round "?"]
[White "Hoppe, Arnold"]
[Black "Jacobsen, Joerg"]
[Result "1-0"]
[WhiteElo "1819"]
[BlackElo "1924"]
[PlyCount "91"]
[EventDate "2009.12.28"]
[EventType "tourn (corr)"]
[EventRounds "6"]
[EventCountry "GER"]
[SourceTitle "Corr 2013"]
[Source "ChessBase"]
[SourceDate "2012.11.12"]
[SourceVersion "1"]
[SourceVersionDate "2012.11.12"]
[SourceQuality "1"]

1. Nf3 Nf6 2. g3 d5 3. Bg2 c6 4. 0-0 Bg4 5. d3 e6 6. Nbd2 Nbd7 7. e4 Be7 8. Qe1 0-0 9. h3 Bh5 10. Nb3 a5 11. a4 dxe4 12. dxe4 e5 13. Bd2 b6 14. Nh4 Re8 15. Nf5 Bf8 16. Qe3 Nc5 17. Nxc5 Bxc5 18. Qg5 Bg6 19. Rad1 h6 20. Qh4 Nh7 21. Bc3 Qf6 22. Kh2 Rac8 23. Qxf6 Nxf6 24. Rd2 Bb4 25. Bxb4 axb4 26. Nd6 Rcd8 27. Rfd1 Re6 28. f3 Ne8 29. Nc4 Rxd2 30. Rxd2 b5 31. axb5 cxb5 32. Ne3 Rd6 33. Rd5 Rxd5 34. Nxd5 f6 35. Nxb4 Nd6 36. Bf1 Bh5 37. Kg2 Be8 38. Kf2 Nc4 39. Bxc4+ bxc4 40. Nd5 Ba4 41. Ne3 Kf7 42. Ke1 Bd7 43. Nxc4 Bxh3 44. g4 h5 45. Ne3 Kg6 46. Kf2 1-0

[Event "GER-chT8 KH-37 Br4 email"]
[Site "GER email"]
[Date "2009.10.09"]
[Round "?"]
[White "Jacobsen, Joerg"]
[Black "Semmler, Josef"]
[Result "1/2-1/2"]
[WhiteElo "1924"]
[BlackElo "1824"]
[PlyCount "50"]
[EventDate "2009.10.15"]
[EventType "tourn (corr)"]
[EventRounds "4"]
[EventCountry "GER"]
[SourceTitle "Corr 2013"]
[Source "ChessBase"]
[SourceDate "2012.11.12"]
[SourceVersion "1"]
[SourceVersionDate "2012.11.12"]
[SourceQuality "1"]

1. e4 c5 2. Nf3 Nc6 3. d4 cxd4 4. Nxd4 Nf6 5. Nc3 d6 6. Be2 e6 7. 0-0 Be7 8. Be3 0-0 9. f4 a6 10. Qe1 Nxd4 11. Bxd4 b5 12. Rd1 Bb7 13. Bf3 Rc8 14. a3 Qc7 15. Qg3 h6 16. Kh1 Bc6 17. Rd3 Rfd8 18. e5 dxe5 19. fxe5 Nh7 20. Qf2 Bxf3 21. Rxf3 Rd7 22. Rxf7 Bxa3 23. Rxd7 Qxd7 24. Ne2 Rf8 25. Qe1 Be7 1/2-1/2

[Event "GER OS-071 email"]
[Site "GER email"]
[Date "2009.01.14"]
[Round "?"]
[White "Jacobsen, Joerg"]
[Black "Hauschild, Achim"]
[Result "1-0"]
[WhiteElo "1640"]
[BlackElo "1640"]
[PlyCount "69"]
[EventDate "2009.??.??"]
[EventType "tourn (corr)"]
[EventRounds "6"]
[EventCountry "GER"]
[SourceTitle "Corr 2011"]
[Source "ChessBase"]
[SourceDate "2010.08.31"]
[SourceVersion "1"]
[SourceVersionDate "2010.08.31"]
[SourceQuality "1"]

1. e4 e5 2. Nf3 Nf6 3. Nxe5 d6 4. Nf3 Nxe4 5. d4 Be7 6. Bd3 d5 7. 0-0 Nc6 8. Re1 Bf5 9. Nc3 Bb4 10. Nxe4 Bxe1 11. Bg5 Qc8 12. Nf6+ Kf8 13. Nxd5 Ba5 14. Ne3 Bxd3 15. Qxd3 Bb4 16. d5 Ne7 17. Qe4 a5 18. c3 Bc5 19. Bxe7+ Bxe7 20. Re1 h6 21. h4 Qd7 22. Ne5 Qe8 23. Nf5 Bf6 24. Qf4 Kg8 25. Re3 Qd8 26. Rg3 Rh7 27. Ng4 Kh8 28. d6 g5 29. hxg5 hxg5 30. Qf3 cxd6 31. Rh3 Rc8 32. Nfh6 Kg7 33. Qe4 d5 34. Qf5 Rc6 35. Nxf7 1-0

[Event "GER OS-071 email"]
[Site "GER email"]
[Date "2009.01.14"]
[Round "?"]
[White "Vadljan, Marcus Franz"]
[Black "Jacobsen, Joerg"]
[Result "1/2-1/2"]
[WhiteElo "1648"]
[BlackElo "1640"]
[PlyCount "57"]
[EventDate "2009.??.??"]
[EventType "tourn (corr)"]
[EventRounds "6"]
[EventCountry "GER"]
[SourceTitle "Corr 2011"]
[Source "ChessBase"]
[SourceDate "2010.08.31"]
[SourceVersion "1"]
[SourceVersionDate "2010.08.31"]
[SourceQuality "1"]

1. e4 c5 2. c3 Nf6 3. e5 Nd5 4. d4 cxd4 5. cxd4 d6 6. Nf3 Nc6 7. Bc4 Nb6 8. Bb5 dxe5 9. Nxe5 Bd7 10. Nxd7 Qxd7 11. Nc3 e6 12. 0-0 Bd6 13. Be3 0-0 14. Rc1 Rac8 15. g3 Rfd8 16. Qb3 Qe7 17. Ne4 Na5 18. Qd1 Rxc1 19. Bxc1 Bc7 20. Bg5 f6 21. Be3 e5 22. Qc2 exd4 23. Bd2 Nc6 24. Rc1 Qf7 25. Bxc6 d3 26. Be8 dxc2 27. Bxf7+ Kxf7 28. Rxc2 Nd5 29. Kg2 1/2-1/2

[Event "GER OS-071 email"]
[Site "GER email"]
[Date "2009.01.14"]
[Round "?"]
[White "Venus, Ulf"]
[Black "Jacobsen, Joerg"]
[Result "1-0"]
[WhiteElo "1640"]
[BlackElo "1640"]
[PlyCount "53"]
[EventDate "2009.??.??"]
[EventType "tourn (corr)"]
[EventRounds "6"]
[EventCountry "GER"]
[SourceTitle "Corr 2011"]
[Source "ChessBase"]
[SourceDate "2010.08.31"]
[SourceVersion "1"]
[SourceVersionDate "2010.08.31"]
[SourceQuality "1"]

1. e4 e6 2. d4 d5 3. Nc3 Nf6 4. Bg5 Be7 5. e5 Nfd7 6. h4 0-0 7. Bd3 c5 8. Nh3 g6 9. dxc5 Nxe5 10. f4 Ned7 11. h5 Bf6 12. Qg4 Bxc3+ 13. bxc3 Qa5 14. Kd2 Nxc5 15. Nf2 Na4 16. Qh4 Nxc3 17. hxg6 Ne4+ 18. Ke2 Qd2+ 19. Kf1 Qxf2+ 20. Qxf2 Nxf2 21. gxh7+ Kg7 22. Bh6+ Kh8 23. Kxf2 Nd7 24. Rae1 e5 25. fxe5 d4 26. Rh4 Nb6 27. Bxf8 1-0